000 00703nam a2200241Ia 4500
003 OSt
005 20221002054338.0
006 a|||||r|||| 00| 0
007 ta
008 220930b |||||||| |||| 00| 0 eng d
024 _a62727
037 _cReference Collections
040 _aCRL
_cCRL
_beng
041 _2eng
_aeng
082 _aS:P111:4k, J4(RR)
100 _aWulfeck Joseph W
_9575816
245 0 _aLanguage of dynamic psychology as related to motivation research
260 _c1954
650 _aPSYCHOLOGY
700 _a Bennett Edward M
_9575817
942 _hS:P111:4k, J4(RR)
_cref
_2CC
999 _c924673
_d924673